000 00446nam a2200193Ia 4500
005 20240823022954.0
008 240823s9999||||xx |||||||||||||| ||und||
020 _a81-7530-058-2
041 _aENGLISH
082 _A823 P6
100 _aAmitav Ghosh
245 4 _aThe Imam and the Indian
250 _a1st
260 _c2006
_b"Ravi Dayal,New "
_aNew Delhi
500 _aYES
650 _aNovel
_bEnglish
942 _cBK
999 _c180439
_d180439